[Event "FIDE World Bl Team Final"]
[Site "Almaty KAZ"]
[Date "2024.08.05"]
[Round "4.2"]
[White "Duda, Jan-Krzysztof"]
[Black "Narayanan, S.L."]
[Result "0-1"]
[WhiteTitle "GM"]
[BlackTitle "GM"]
[WhiteElo "2733"]
[BlackElo "2649"]
[WhiteTeam "WR Chess Team"]
[BlackTeam "Team MGD1"]
[WhiteFideId "1170546"]
[BlackFideId "5058422"]
[EventDate "2024.08.05"]

1. e4 c5 2. Nf3 Nc6 3. Bb5 e6 4. O-O Nge7 5. c3 a6 6. Ba4 b5 7. Bc2 Bb7 8. a4
Ng6 9. Re1 Be7 10. d4 cxd4 11. cxd4 Nb4 12. Bb3 O-O 13. Nc3 bxa4 14. Rxa4 a5 15.
d5 Bc5 16. Be3 Bxe3 17. Rxe3 e5 18. d6 Qb6 19. h4 Qc5 20. h5 Nf4 21. h6 g6 22.
Ra1 Ra6 23. Na4 Qb5 24. Rc1 Rc6 25. Rxc6 Bxc6 26. Nc3 Qc5 27. Nh2 Qd4 28. Ng4
Nfd3 29. Nd5 Bxd5 30. Bxd5 Kh8 31. Qf3 f5 32. b3 Nf4 33. Bc4 fxg4 34. Qxg4 Qxd6
35. Rf3 Nc6 36. g3 Nd4 37. Re3 Nfe6 38. Rd3 Qe7 39. Qd1 d6 40. Rc3 Nc5 41. Bd5
Qg5 42. Kg2 Qxh6 43. Qe1 Qg5 44. Qd1 Qf6 45. Qe1 h5 46. Qe3 Kg7 47. Qd2 h4 48.
gxh4 Qxh4 49. Rg3 Rh8 0-1

[Event "FIDE World Bl Team Final"]
[Site "Almaty KAZ"]
[Date "2024.08.05"]
[Round "4.2"]
[White "Pranav, V"]
[Black "Abdusattorov, Nodirbek"]
[Result "1-0"]
[WhiteTitle "GM"]
[BlackTitle "GM"]
[WhiteElo "2598"]
[BlackElo "2762"]
[WhiteTeam "Team MGD1"]
[BlackTeam "WR Chess Team"]
[WhiteFideId "25060783"]
[BlackFideId "14204118"]
[EventDate "2024.08.05"]

1. e4 e6 2. d4 d5 3. Nc3 dxe4 4. Nxe4 Nd7 5. Nf3 Ngf6 6. Nxf6+ Nxf6 7. Bd3 Bd7
8. O-O Bc6 9. c3 Bd6 10. Re1 O-O 11. h3 Bd5 12. Ne5 c5 13. dxc5 Bxc5 14. Bg5 h6
15. Bh4 Be7 16. Bc2 Bc6 17. Nxc6 bxc6 18. Qf3 Qd5 19. Be4 Nxe4 20. Bxe7 Rfe8 21.
Rxe4 Rxe7 22. Qe2 c5 23. Re5 Qc6 24. Rd1 Rb8 25. b3 c4 26. b4 Rc7 27. Rd4 Qa4
28. Ra5 Qe8 29. Rxc4 Rd7 30. Rg4 Rbd8 31. Qe3 f5 32. Rc4 Qf7 33. Rc6 Re8 34.
Rca6 f4 35. Qf3 e5 36. Qe4 Rc8 37. Rxe5 f3 38. gxf3 Rf8 39. Kg2 Rc7 40. Rc6 Rd7
41. Qc4 Kh7 42. Qxf7 Rdxf7 43. Re3 Rd8 44. Ra6 Rc8 45. a4 Rc4 46. b5 Rfc7 47.
Kg3 h5 48. h4 Rd7 49. Re5 g6 50. Rg5 Rg7 51. f4 Rxc3+ 52. f3 Rc1 53. f5 Rg1+ 54.
Kf4 Rxg5 55. Kxg5 gxf5+ 56. Kxf5 Rc7 57. f4 Rc5+ 58. Ke4 Rc4+ 59. Ke5 Rc5+ 60.
Kd6 Rf5 61. Rxa7+ Kg6 62. b6 Rf6+ 63. Kc5 Rf5+ 64. Kc6 Rf6+ 65. Kb5 Rf5+ 66. Ka6
Rxf4 67. a5 Rxh4 68. b7 Rb4 69. Ra8 h4 70. b8=Q 1-0

[Event "FIDE World Bl Team Final"]
[Site "Almaty KAZ"]
[Date "2024.08.05"]
[Round "4.2"]
[White "Kosteniuk, Alexandra"]
[Black "Dronavalli, Harika"]
[Result "1-0"]
[WhiteTitle "GM"]
[BlackTitle "GM"]
[WhiteElo "2488"]
[BlackElo "2502"]
[WhiteTeam "WR Chess Team"]
[BlackTeam "Team MGD1"]
[WhiteFideId "4128125"]
[BlackFideId "5015197"]
[EventDate "2024.08.05"]

1. e4 e6 2. d4 d5 3. exd5 exd5 4. Nf3 Bd6 5. c4 Nf6 6. c5 Be7 7. Bd3 O-O 8. O-O
b6 9. Be3 Bg4 10. Nbd2 bxc5 11. dxc5 Nbd7 12. Qc2 c6 13. b4 h6 14. h3 Be6 15.
Nd4 Ne5 16. Be2 Bd7 17. f4 Ng6 18. Bd3 a5 19. b5 cxb5 20. c6 Rc8 21. Bxb5 Bb4
22. N2f3 Ne4 23. f5 Nh4 24. Ne5 Be8 25. Qd1 Bd6 26. Nd7 Bxd7 27. cxd7 Rc3 28.
Bf4 Bxf4 29. Rxf4 Qg5 30. Qg4 Rg3 31. Qxg5 hxg5 32. Rg4 Rc3 33. Nc6 Nf6 34. Rxg5 1-0